Statistics for Doctor Who Trivia #2

Click here to take the quiz!

General Stats

  • This quiz has been taken 925 times
    (688 since last reset)
  • The average score is 11 of 15

Answer Stats

HintAnswer% Correct
Who marries the Doctor?River Song
94%
How many times can the Doctor regenerate?13
92%
How many times has the Doctor regenerated?12
91%
What is the name of the institution run by Captain Jack?Torchwood
91%
How many seasons was David Tennant on?3
90%
What villain says this: Exterminate. Exterminate.Dalek
89%
Don'tBlink
87%
Who played the 9th Doctor?Christopher Eccleston
83%
What is the 11th Doctor's favorite food?Fish Fingers and Custard
79%
She claims she is the last real human being?Cassandra
76%
Finish this quote: It's just a bunch of wibbly-wobblytimey-wimey stuff
67%
What does T.A.R.D.I.S. stand for?Time and Relative Dimensions in Space
66%
What is the name of the Doctor's 3rd companion?Donna Noble
43%
What is the 9th Doctor's favorite food?Bananas
39%
Who plays the Doctor's daughter?Georgia Moffett
19%

Score Distribution

Percentile by Number Answered

Percent of People with Each Score

Your Score History

You have not taken this quiz since the last reset